| 000 | 00705cam a22001814a 4500 | ||
|---|---|---|---|
| 005 | 20250605164353.0 | ||
| 008 | 250528s ||||||||||||||||||||||||d | ||
| 035 | _a24159 | ||
| 040 |
_aGR-AtMCL _bgre _dGR-AtMCL _eAACR2 |
||
| 245 | 1 | _aUnderstanding the Risks of Fire to Rail Assets and How to Control Emergency Situations | |
| 260 |
_bGlobal Railway, _c2021 |
||
| 300 | _a49 | ||
| 520 | _aMetrolinx Expansion and VIA Rail Modernisation and Future of U.S. Rail Freight, Maintaining and Safeguarding Rail Electrification and Cabling Systems, Ireland's Minister of Transport on the Future Plans for Rail. | ||
| 700 | 1 |
_aWaters Craig _99421 |
|
| 942 | _cCR | ||
| 999 |
_c9056 _d9056 |
||